LEADER 00901nam--2200325---450 001 990000743390203316 005 20220422091702.0 035 $a0074339 035 $aUSA010074339 035 $a(ALEPH)000074339USA01 035 $a0074339 100 $a20011114d1968----km-y0itay0103----ba 101 $ager 102 $aDE 105 $aaf||||||001yy 200 1 $a<> Niobidenmaler$fT.B.L.Webster 205 $aEdizione anastatica 210 $aRoma$cL'Erma di Bretschneider$d1968 215 $a24 p.$cill.$d29 cm 225 2 $aBilder griechischer Vasen$v8 410 0$12001$aBilder griechischer Vasen 606 0 $aPittura greca 676 $a759.1 700 1$aWEBSTER,$bThomas Bertram Lonsdale$0443338 912 $a990000743390203316 951 $aXI.3.B. 107(X B 427)$b157930 L.M.$cX B$d00073544 959 $aBK 969 $aUMA 996 $aNiobidenmaler$9282553 997 $aUNISA LEADER 00922nam a2200253 i 4500 001 991002344289707536 005 20020508194629.0 008 970418s1973 de ||| | ger 020 $a3487048078 035 $ab10995201-39ule_inst 035 $aPARLA160838$9ExL 040 $aDip.to Scienze dell'Antichità$bita 100 1 $aRapin, René$0387248 245 10$aComparaison des poemes d'Homere et de Virgile /$cRené Rapin 260 $aHildesheim ; New York :$bOlms,$c1973 300 $a166 p. ;$c16 cm 500 $aFacs. dell'ed.: Paris, 1664. 650 4$aOmero 907 $a.b10995201$b02-04-14$c28-06-02 912 $a991002344289707536 945 $aLE007 880.1 Homerus RAP 01.501$g1$i2015000109064$lle007$o-$pE0.00$q-$rl$s- $t0$u0$v0$w0$x0$y.i11110533$z28-06-02 996 $aComparaison des poemes d'Homere et de Virgile$9861127 997 $aUNISALENTO 998 $ale007$b01-01-97$cm$da $e-$fger$gde $h0$i1